| 000 | 00492nam a2200157 4500 | ||
|---|---|---|---|
| 001 | 137928 | ||
| 003 | ES-MaACL | ||
| 005 | 20230906195454.0 | ||
| 007 | t| | ||
| 008 | 070214s1957 pe r ||||1| spa d | ||
| 100 | 1 |
_aSánchez Elías, Julio Ezequiel. _9102622 |
|
| 245 | 1 | 0 |
_aCuatro siglos de Historia iqueña / _cpor el Dr. Julio Ezequiel Sánchez Elías. |
| 260 |
_aLima : _b[s. n.], _c1957 ( _fVictory) |
||
| 300 |
_aXIV, 169 p. : _bil. ; _c21 cm. |
||
| 852 |
_aES-MaACL _jC-13620 _bR.41375 |
||
| 999 |
_c137928 _d137928 |
||